| 000 | 00912nam a22002177a 4500 | ||
|---|---|---|---|
| 999 |
_c5754 _d5754 |
||
| 003 | AR-CdUCM | ||
| 008 | 190313b ||||| |||| 00| 0 spa d | ||
| 020 | _a84-7232-2890-0 | ||
| 040 |
_aMUNICIPALIDAD PROVINCIAL DEL CUSCO _cBIBLIOTECA MUNICIPAL DEL CUSCO |
||
| 082 |
_a970.035 / _bR93 |
||
| 100 |
_aRumeu de Armas, Antonio, _917118 |
||
| 245 | _aEl "Portugués" Cristóbal Colón en Castilla / | ||
| 260 |
_aMadrid : _bCultura hispánica, _c1982. |
||
| 300 |
_a87 paginas ; _bIlustraciones, _c24 cm. |
||
| 505 | _aCrsitobal Colon en Castilla - convocatoria regia para trasladarse al real de Málaga -- La entrevista con los reyes católicos -- ¿Cristobal Colon, Portugués? -- Peculiaridades idiomáticas del descubridor, la anómala extranjería. | ||
| 650 |
_aCristobal Colon _914110 |
||
| 650 |
_aReyes católicos _917119 |
||
| 650 |
_aEl descubridor _917120 |
||
| 942 |
_2ddc _cLIBROS |
||
| 945 | _awnts | ||